| 000 | 00655nam a2200241Ia 4500 | ||
|---|---|---|---|
| 003 | OSt | ||
| 005 | 20220918180057.0 | ||
| 006 | a|||||r|||| 00| 0 | ||
| 007 | ta | ||
| 008 | 220917b |||||||| |||| 00| 0 eng d | ||
| 024 | _a20,552 | ||
| 037 | _cTextual | ||
| 040 |
_aARTS _cARTS _beng |
||
| 041 |
_2eng _aeng |
||
| 082 | _a2k, M7 (2D) | ||
| 100 |
_aMontague Harrod Leonard _955633 |
||
| 245 | 0 | _aHarrods librarians glossary comp by Ray Prytherch | |
| 260 |
_aHant _bGower _c1987 |
||
| 300 |
_ax,855p. _ccm. |
||
| 650 | _aLIBRARY SCIENCE | ||
| 942 |
_h2k, M7 (2D) _cTEXL _2CC |
||
| 999 |
_c160252 _d160252 |
||